Responses for Show #3537 - Tuesday, January 11, 2000

Contestants

[<< previous game]

Cheryl Lopes, a research psychologist from Providence, Rhode Island

Terence Caulfield, a chief estimator from Silver Spring, Maryland

Jerry Crowley, a law student from Tallahassee, Florida (whose 1-day cash winnings total $10,400)

[next game >>]

Jeopardy! Round responses

FRENCH ART & ARTISTS
BOGIE MEN
(Alex: We'll give you a Bogie role, you have to identify the film.)
ANNIVERSARY GIFTS
TELL ME "Y"
LOST
FOUND
    $100 10
Paul Gauguin

Terence
    $100 1
Casablanca

Terence
    $100 24
Pearls

Terence
    $100 13
Yokel

Terence
    $100 2
Gilligan's Island

Jerry
    $100 9
Boy Scouts

Jerry
    $200 17
Edgar Degas

Cheryl
    $200 7
The Maltese Falcon

Jerry
    $200 25
Coral

Cheryl
    $200 14
Yiddish

Jerry
    $200 3
Hansel & Gretel

Terence
    $200 11
University of Pennsylvania

Terence
    $300 20
Marie Antoinette

Cheryl
    $300 8
The Caine Mutiny

Terence
    $300 26
Silver

Cheryl
    $300 18
Yardstick

Terence
    $300 4
Amelia Earhart

Terence
    $600 12
(T: What is AMC - American Motors?)

General Motors

Terence
    $400 29
Fauvism

Triple Stumper
    $400 15
The Treasure of the Sierra Madre

Jerry
    $400 27
Cotton

Jerry
    $400 19
Yves

Jerry
    $400 5
Hope Diamond

Triple Stumper
    $400 22
(C: What is fondillism?)

Gestalt

TerenceCheryl
    $500 30
Claude Monet

Jerry
    $500 16
The African Queen

Jerry
    $500 28
(C: What is silver?)

Tin

Cheryl
Triple Stumper
    $500 21
(T: What is Yugoslavia?)

Yemen

TerenceCheryl
    $500 6
(C: What is Shangri-La?)

Roanoke Island

JerryCheryl
    $500 23
"Wild Bill"

Triple Stumper

Scores at the first commercial break (after clue 16):

Jerry Terence Cheryl
$2,000 $700 -$500

Scores at the end of the Jeopardy! Round:

Jerry Terence Cheryl
$3,300 $1,000 $100

Double Jeopardy! Round responses

CANADIAN CAPITALS
SENIOR SENATORS
1800
THAT OLD TIME NEW WAVE MUSIC
LITERARY LAST NAME'S THE SAME
FROM THE WELSH
    $200 1
Toronto (Blue Jays)

Terence
    $200 2
Dianne Feinstein

Jerry
    $200 11
Ludwig van Beethoven

Terence
    $200 16
"Roxanne"

Jerry
    $200 21
Lewis

Jerry
    $200 26
Rabbit

Terence
    $400 3
Winnipeg

Terence
    $400 4
Edward (Ted) Kennedy

Terence
    $400 12
Charles Goodyear

Terence
    $400 17
Ric Ocasek

Jerry
    $400 22
Williams

Terence
    $400 27
Corgi

Cheryl
    $600 7
Victoria

Jerry
    $600 5
Connecticut

Terence
    $600 13
(J: What are X-rays?)
(T: What are gamma rays?)
(C: What are ultraviolet rays?)

Infrared rays

JerryTerenceCheryl
Triple Stumper
    $600 18
Echo & the Bunnymen

Triple Stumper
    $600 23
Caldwell

Cheryl
    $600 28
(T: Who is Godiva?)

Guinevere

JerryTerence
    $2,000 8
Quebec City

Jerry
    $800 6
(T: Who is Keogh?)

William Roth

TerenceCheryl
    $800 14
Louisiana

Jerry
    $800 19
(Terence: Who is Gary Baker?)

Gary Numan

JerryTerence
    $500 24
Crane

Cheryl
    $800 29
Javelin

Terence
    $1000 9
Edmonton

Terence
    $1000 10
Robert Byrd

Terence
    $1000 15
Adam Smith

Jerry
    $1000 20
(C: I'm sorry.)
(J: Who are the Go-Go's?)

"Our Lips are Sealed"

JerryCheryl
Triple Stumper
    $1000 25
Miller

Terence
    $1000 30
Pooka

Triple Stumper

Scores at the end of the Double Jeopardy! Round:

Jerry Terence Cheryl
$8,500 $4,800 $800

[wagering suggestions for these scores]

Final Jeopardy! Round responses

TELEVISION HISTORY
CherylWho is Oscar?
$799
TerenceWho is Oscar the Grouch?
$4,800
JerryWho is (Howdy Doody) Yogi Bear?
$8,000
Oscar the Grouch (from "Sesame Street")

Final scores:

Jerry Terence Cheryl
$500 $9,600 $1,599
3rd place: Ricardo Beverly Hills Big Sur Collection luggage New champion: $9,600 2nd place: a Toshiba big screen TV & DirecTV satellite service

Game dynamics:

Coryat scores:

Jerry Terence Cheryl
$7,300 $5,400 $1,100
20 R
(including 1 DD),
2 W
22 R,
6 W
(including 1 DD)
9 R
(including 1 DD),
5 W

Combined Coryat: $13,800

[game clues] [game scores] [suggest correction]

Game tape date: 1999-11-09
The J! Archive is created by fans, for fans. Scraping, republication, monetization, and malicious use prohibited; this site may use cookies and collect identifying information. See terms. The Jeopardy! game show and all elements thereof, including but not limited to copyright and trademark thereto, are the property of Jeopardy Productions, Inc. and are protected under law. This website is not affiliated with, sponsored by, or operated by Jeopardy Productions, Inc. Join the discussion at JBoard.tv.